Finančná analýza vybraných podnikov bakalárska práca

Guardado en:
Detalles Bibliográficos
Autor principal: Janíčková, Kristína
Autor Corporativo: Fakulta podnikového manažmentu EU. Katedra podnikových financií
Otros Autores: Moravčíková, Elena, 1967-
Formato: Libro
Lenguaje:eslovaco
Publicado: Bratislava 2011
Etiquetas: Agregar Etiqueta
Sin Etiquetas, Sea el primero en etiquetar este registro!

MARC

LEADER 00000nbm a2200000 4500
001 0131343
005 20161109111418.9
041 0 |a slo 
044 |a SK 
245 1 0 |a Finančná analýza vybraných podnikov  |b bakalárska práca  |c Kristína Janíčková ; školiteľ: Elena Moravčíková 
264 1 |a Bratislava  |c 2011 
300 |a 40 s. 
100 1 |a Janíčková, Kristína 
700 1 |a Moravčíková, Elena, 1967- 
710 2 |a Fakulta podnikového manažmentu EU. Katedra podnikových financií